Quiz Apator Torun - Statystyki

Ogólne statystyki
  • Ten quiz został rozwiązany 10 razy
  • Średni wynik to 5 z 10
Statystyki odpowiedzi
Zagadnienie Odpowiedź % Poprawnych
Kiedy został załóżony klub sportowy Apator Toruń 1962
80%
Kto dzierży rekord Toru na Motoarenie Jack Holder
70%
Jaki jest adres Stadionu Apatora Pera Jonssona 7
60%
Najdłuższa zgoda Apatora All Time Ruch Chorzów
60%
Ile było mistrzów Polski którzy jeździli w Apatorze 3
50%
Kto z nazwisk poniżej NIE MA złotego kafelka na Motoarenie Jaguś
50%
Na jakim osiedlu odbiera się rzeczy z zapisów Rotki
50%
Jaki był koszt Motoareny 90 mln
30%
Ile Apator Miał Zgód i Układów 8
20%
Ile flag stracił Apator Toruń przez całą historie istnienia 1
10%
Nie znaleziono quizów pasujących do podanych kryteriów
Rozkład punktacji
Procent ludzi z każdym wynikiem
Percentyl według liczby udzielonych odpowiedzi
Twoja historia wyników
Nie rozwiązałeś tego quizu